000 00904cam a22002778i 4500
001 15327345
003 EG-ScBUE
005 20250522140235.0
008 080612t2009 caua f b 001 0 eng d
020 _a9780805386646 (alk. paper)
020 _a0805386645
040 _aEG-ScBUE
_beng
_erda
_cEG-ScBUE
_dEG-ScBUE
082 0 4 _a530.41
_222
_bSNO
100 1 _aSnoke, D. W.,
_eauthor.
245 1 0 _aSolid state physics :
_bessential concepts /
_cDavid W. Snoke, University of Pittsburgh.
264 1 _aSan Francisco :
_bAddison-Wesley,
_c[2009]
264 4 _cc2009
300 _axvi, 619 pages :
_billustrations ;
_c26 cm
336 _2rdacontent
_atext
_btxt
337 _aunmediated
_2rdamedia
_bn
338 _avolume
_bnc
_2rdacarrier
504 _aIncludes bibliographical references and index.
650 7 _aSolid state physics
_vTextbooks.
_2BUEsh
655 _vReading book
942 _2ddc
_cBB
999 _c11064
_d11064